[Event "SW Oberhausen 1 - FS Dortmund 1"]
[Site "Verbandsklasse - Gr. 2 2019/2"]
[Date "2019.11.17"]
[Round "3.1"]
[White "Khess, Igor"]
[Black "Hortolani, Sven-Holger"]
[Result "1/2-1/2"]
[WhiteElo "1969"]
[BlackElo "2031"]
[PlyCount "106"]
[EventDate "2019.??.??"]

1. e4 d6 2. d4 Nf6 3. Bd3 e5 4. c3 Nc6 5. d5 Ne7 6. Ne2 c6 7. c4 Ng6 8. h3 Be7
9. g3 O-O 10. Be3 cxd5 11. cxd5 b5 12. f3 Bd7 13. g4 Ne8 14. O-O Bg5 15. Qd2 h6
16. a3 a5 17. Nbc3 Rb8 18. b4 a4 19. Rfc1 Nh4 20. Kf2 Qf6 21. Ng1 Bf4 22. Bxf4
exf4 23. Nce2 Ng6 24. Rd1 h5 25. gxh5 Qh4+ 26. Kg2 Qxh5 27. Nd4 Nf6 28. Kh2
Rfe8 29. Bf1 Qg5 30. Qg2 Qh5 31. Nc6 Nh4 32. Qf2 Rbc8 33. Rdc1 Rxe4 34. fxe4
Ng4+ 35. hxg4 Nf3+ 36. Kg2 Qh2+ 37. Kxf3 Bxg4+ 38. Kxg4 Qxf2 39. Ne7+ Kf8 40.
Rxc8+ Kxe7 41. Ne2 f3 42. Ng3 g6 43. Bxb5 f5+ 44. exf5 Qd4+ 45. Kg5 Qf6+ 46.
Kf4 Qxa1 47. Re8+ Kf7 48. fxg6+ Kxg6 49. Kxf3 Qxa3+ 50. Kg2 Qxb4 51. Re6+ Kf7
52. Be8+ Kf8 53. Bxa4 Qxa4 1/2-1/2

[Event "SW Oberhausen 1 - FS Dortmund 1"]
[Site "Verbandsklasse - Gr. 2 2019/2"]
[Date "2019.11.17"]
[Round "3.2"]
[White "Kuckelkorn, Joerg"]
[Black "Brendemuehl, Bernd"]
[Result "0-1"]
[WhiteElo "1887"]
[BlackElo "1905"]
[Annotator "Daniel"]
[PlyCount "78"]
[EventDate "2019.??.??"]

1. f4 Nf6 2. Nf3 c5 3. g3 Nc6 4. Bg2 d5 5. d3 g6 6. O-O Bg7 7. Nc3 d4 8. Ne4
Nxe4 9. dxe4 O-O 10. e5 f6 11. exf6 Bxf6 12. e4 dxe3 13. c3 Qb6 14. Qe2 Bg4 15.
Bxe3 Kg7 16. Qf2 Rad8 17. Bxc5 Qc7 18. Rad1 b6 19. Be3 Na5 20. Rxd8 Qxd8 21.
Nd4 Nc4 22. Bf3 Bd7 23. Rd1 Qc8 24. Qe2 e5 25. fxe5 Nxe5 26. Qd2 Nxf3+ 27. Nxf3
Bg4 28. Bh6+ Kg8 29. Bxf8 Qxf8 30. Qd5+ Kg7 31. Rf1 Qe8 32. Kf2 Qa4 33. Nd4 Bh3
34. Re1 Kh6 35. a3 Bg5 36. Re4 Qa6 37. Re1 Qd3 38. Qe4 Qa6 39. Qe8 Qc4 {ZÃo}
0-1

[Event "SW Oberhausen 1 - FS Dortmund 1"]
[Site "Verbandsklasse - Gr. 2 2019/2"]
[Date "2019.11.17"]
[Round "3.3"]
[White "Grube, Joerg"]
[Black "Matthes, Severin Johannes"]
[Result "1/2-1/2"]
[WhiteElo "1884"]
[BlackElo "1817"]
[PlyCount "68"]
[EventDate "2019.??.??"]

1. e4 c5 2. Nf3 Nc6 3. d4 cxd4 4. Nxd4 Nf6 5. Nc3 e5 6. Ndb5 d6 7. Bg5 a6 8.
Na3 b5 9. Bxf6 gxf6 10. Nd5 Be6 11. c3 Rc8 12. Nc2 Bxd5 13. exd5 Ne7 14. a4 Rc5
15. Nb4 Qb6 16. axb5 a5 17. Na6 Rxd5 18. Qb3 Bh6 19. Bc4 Rd2 20. Bxf7+ Kf8 21.
O-O d5 22. Bh5 Be3 23. Rad1 Rxf2 24. Rxf2 Bxf2+ 25. Kh1 Rg8 26. c4 Rg5 27. Be2
d4 28. c5 Qb7 29. c6 Nxc6 30. Bf3 e4 31. Bxe4 Qxb5 32. Qf3 Kg7 33. Nc7 Qe5 34.
Nd5 Ne7 1/2-1/2

[Event "SW Oberhausen 1 - FS Dortmund 1"]
[Site "Verbandsklasse - Gr. 2 2019/2"]
[Date "2019.11.17"]
[Round "3.4"]
[White "Kyas, Jens-Stefan"]
[Black "Lauche, Christoph"]
[Result "0-1"]
[WhiteElo "1763"]
[BlackElo "1769"]
[PlyCount "120"]
[EventDate "2019.??.??"]

1. f4 e5 2. fxe5 d6 3. exd6 Bxd6 4. Nf3 Nf6 5. d3 Ng4 6. Bg5 Qd7 7. Nc3 h6 8.
Bd2 Nxh2 9. Ne4 f5 10. Nxd6+ Qxd6 11. Bc3 Qg3+ 12. Kd2 Ng4 13. Qe1 Qxe1+ 14.
Rxe1 O-O 15. Ne5 Nxe5 16. Bxe5 Rf7 17. e4 Nc6 18. Bc3 fxe4 19. Rxe4 Bf5 20. Rf4
Rd8 21. Be2 Bxd3 22. Bxd3 Rxf4 23. Ke3 Rff8 24. Bc4+ Kh7 25. g4 Rfe8+ 26. Kf4
g5+ 27. Kf5 Rf8+ 28. Ke4 Rf4+ 29. Ke3 Rxc4 30. Bf6 Re8+ 31. Kd3 Rxg4 32. a3 Re6
33. Bc3 Ne5+ 34. Kd2 Nc4+ 35. Kc1 Rg2 36. Rf1 Rxc2+ 37. Kb1 Nxa3+ 38. Ka2 Nb5
39. Rf7+ Kg6 40. Rg7+ Kh5 41. Kb3 Rf2 42. Bb4 Re4 43. Ka4 Rxb2 44. Ka5 b6+ 45.
Kxb5 Rbxb4+ 46. Ka6 Ra4+ 47. Kb5 Ra5+ 48. Kc6 Rc5+ 49. Kd7 a5 50. Kc8 a4 51.
Kb7 a3 52. Rf7 a2 53. Rf1 Ra5 54. Rh1+ Kg6 55. Rh2 a1=Q 56. Kb8 Qh8+ 57. Kb7
Qa8+ 58. Kxc7 Rc5+ 59. Kxb6 Rc6+ 60. Kb5 Qa6# 0-1

[Event "SW Oberhausen 1 - FS Dortmund 1"]
[Site "Verbandsklasse - Gr. 2 2019/2"]
[Date "2019.11.17"]
[Round "3.5"]
[White "Jost, Udo"]
[Black "Boecker, Juergen"]
[Result "1-0"]
[WhiteElo "1740"]
[BlackElo "1871"]
[PlyCount "91"]
[EventDate "2019.??.??"]

1. e4 e5 2. Nf3 Nf6 3. d3 Nc6 4. c3 d5 5. Qc2 a5 6. Be2 Bc5 7. Bg5 dxe4 8. dxe4
Bg4 9. Nbd2 O-O 10. Nc4 Re8 11. Rd1 Qe7 12. Rd5 Bxf3 13. gxf3 b6 14. Rg1 Qe6
15. Rxc5 bxc5 16. Ne3 Ne7 17. Bc4 Qd6 18. Qb3 Reb8 19. Qc2 Kf8 20. a4 h6 21.
Bh4 c6 22. b3 g6 23. Qc1 Neg8 24. Bg3 Rd8 25. Bxf7 Kxf7 26. Nc4 Qe6 27. Nxe5+
Kg7 28. Bf4 Nh5 29. Nxg6 Qxg6 30. Rxg6+ Kxg6 31. Be3 Rd3 32. Ke2 Rad8 33. Qg1+
Kh7 34. Qg4 Ngf6 35. Qf5+ Kg7 36. Qxc5 R3d6 37. e5 Nf4+ 38. Bxf4 Re6 39. Qxa5
Rd7 40. Be3 Nd5 41. c4 Ne7 42. f4 Nf5 43. Qc3 h5 44. a5 Kf7 45. Bc5 Re8 46. a6
1-0

[Event "SW Oberhausen 1 - FS Dortmund 1"]
[Site "Verbandsklasse - Gr. 2 2019/2"]
[Date "2019.11.17"]
[Round "3.6"]
[White "Matthies, Jochen"]
[Black "Potyrala, Lukasz-Rafal"]
[Result "1/2-1/2"]
[WhiteElo "1784"]
[BlackElo "1632"]
[PlyCount "38"]
[EventDate "2019.??.??"]

1. d4 e6 2. Nf3 b6 3. e3 Bb7 4. Nbd2 Nf6 5. b3 d6 6. Bd3 Nbd7 7. Bb2 Rc8 8. O-O
Be7 9. Qe2 c5 10. c4 O-O 11. Rfe1 d5 12. Rac1 dxc4 13. Bxc4 Ne4 14. Nxe4 Bxe4
15. Bd3 Bxd3 16. Qxd3 Bf6 17. Qe2 cxd4 18. Bxd4 Qe7 19. Bxf6 Nxf6 1/2-1/2

[Event "SW Oberhausen 1 - FS Dortmund 1"]
[Site "Verbandsklasse - Gr. 2 2019/2"]
[Date "2019.11.17"]
[Round "3.7"]
[White "Rauschenbusch, Udo"]
[Black "Barutta, Larissa"]
[Result "1-0"]
[WhiteElo "1638"]
[BlackElo "1644"]
[PlyCount "97"]
[EventDate "2019.??.??"]

1. Nf3 d5 2. d4 Nf6 3. g3 c5 4. dxc5 Nc6 5. Bg2 e5 6. c3 Bxc5 7. O-O O-O 8. Bg5
Be6 9. Qa4 h6 10. Bxf6 Qxf6 11. e4 Rad8 12. exd5 Bxd5 13. Nbd2 Bb6 14. Rae1
Rfe8 15. Re2 Re7 16. Rfe1 Rde8 17. Ne4 Qe6 18. b3 Nb8 19. c4 Bc6 20. Qa3 a6 21.
Nd6 Bxf3 22. Bxf3 Qf6 23. Nxe8 Rxe8 24. Bg2 Nd7 25. Bxb7 e4 26. Qb2 Ne5 27.
Bxe4 Bd4 28. Qc2 g6 29. Kg2 Ng4 30. Bf3 Rxe2 31. Rxe2 Ne5 32. Qe4 Kg7 33. Rd2
Bc3 34. Re2 Bd4 35. c5 Nxf3 36. Qxf3 Qxf3+ 37. Kxf3 Bxc5 38. Ke4 Kf6 39. Kd5
Bb4 40. Re4 Bd2 41. a3 g5 42. b4 Bc1 43. a4 Bd2 44. b5 axb5 45. axb5 Ba5 46.
Kc6 Kf5 47. Re3 h5 48. f3 Kf6 49. b6 1-0

[Event "SW Oberhausen 1 - FS Dortmund 1"]
[Site "Verbandsklasse - Gr. 2 2019/2"]
[Date "2019.11.17"]
[Round "3.8"]
[White "Nierhaus, Robin"]
[Black "Bommert, Christian"]
[Result "1/2-1/2"]
[WhiteElo "1731"]
[BlackElo "1686"]
[PlyCount "54"]
[EventDate "2019.??.??"]

1. c4 f5 2. Nc3 Nf6 3. d4 g6 4. Nf3 Bg7 5. Bf4 d6 6. Qd2 O-O 7. Bh6 Qe8 8. Nb5
Na6 9. Bxg7 Kxg7 10. d5 e5 11. e3 Ne4 12. Qa5 Qf7 13. Be2 b6 14. Qa3 g5 15. h4
g4 16. Nd2 Nac5 17. b4 Nxd2 18. bxc5 Ne4 19. cxd6 f4 20. Rf1 a6 21. dxc7 axb5
22. Qxa8 Qe7 23. Rb1 fxe3 24. fxe3 Qxh4+ 25. Kd1 Rxf1+ 26. Kc2 Rxb1 27. Qxc8
Rc1+ 1/2-1/2

[Event "SC Rochade Rüttenscheid 1 - SV Wattensc"]
[Site "Verbandsklasse - Gr. 2 2019/2"]
[Date "2019.11.17"]
[Round "3.1"]
[White "Voß, Wieland"]
[Black "Michalek, Christoph"]
[Result "0-1"]
[WhiteElo "2112"]
[BlackElo "2058"]
[PlyCount "60"]
[EventDate "2019.??.??"]

1. e4 c5 2. Nc3 e6 3. g3 Nc6 4. Bg2 g6 5. d3 Bg7 6. Be3 d6 7. Qd2 Nd4 8. Nd1 e5
9. c3 Nc6 10. Ne2 h5 11. f4 h4 12. Nf2 Nf6 13. O-O-O Qa5 14. Kb1 Ng4 15. f5
gxf5 16. Nxg4 fxg4 17. gxh4 Be6 18. Nc1 Rxh4 19. Qf2 Rh5 20. Qg3 Bf6 21. h4
O-O-O 22. Rh2 Rdh8 23. Rdh1 Qd8 24. Bf2 Ne7 25. Ne2 Ng6 26. d4 Bxh4 27. Qd3 Nf4
28. Nxf4 exf4 29. dxc5 g3 30. c6 gxf2 0-1

[Event "SC Rochade Rüttenscheid 1 - SV Wattensc"]
[Site "Verbandsklasse - Gr. 2 2019/2"]
[Date "2019.11.17"]
[Round "3.2"]
[White "Dorgarten, Armin"]
[Black "Leveikina, Jevgenija"]
[Result "1/2-1/2"]
[WhiteElo "1926"]
[BlackElo "2020"]
[Annotator "Daniel"]
[PlyCount "47"]
[EventDate "2019.??.??"]

1. d4 d5 2. Bf4 c5 3. e3 Nc6 4. Nc3 cxd4 5. exd4 a6 6. Nf3 Nf6 7. h3 e6 8. Bd3
Bd6 9. Bxd6 Qxd6 10. O-O O-O 11. a3 b5 12. Re1 Bb7 13. Ne2 Ne4 14. c3 Ne7 15.
Nd2 f5 16. f3 Ng5 17. f4 Ne4 18. Nf3 Bc6 19. Ne5 $11 Be8 20. Kh2 Ra7 21. Ng1 g5
22. g3 gxf4 23. gxf4 Ng6 24. Ne2 1/2-1/2

[Event "SC Rochade Rüttenscheid 1 - SV Wattensc"]
[Site "Verbandsklasse - Gr. 2 2019/2"]
[Date "2019.11.17"]
[Round "3.3"]
[White "Dick, Matthias"]
[Black "Busacker, Holger"]
[Result "1/2-1/2"]
[WhiteElo "1994"]
[BlackElo "1824"]
[PlyCount "34"]
[EventDate "2019.??.??"]

1. Nf3 c5 2. c4 Nf6 3. Nc3 Nc6 4. g3 g6 5. Bg2 Bg7 6. O-O O-O 7. d3 d6 8. e4
Rb8 9. Rb1 a6 10. a4 Bd7 11. Be3 Ng4 12. Qd2 Nxe3 13. Qxe3 Nd4 14. Rfc1 Nxf3+
15. Bxf3 Bxc3 16. Rxc3 Bxa4 17. Ra3 Bc6 1/2-1/2

[Event "SC Rochade Rüttenscheid 1 - SV Wattensc"]
[Site "Verbandsklasse - Gr. 2 2019/2"]
[Date "2019.11.17"]
[Round "3.4"]
[White "Koprek, Juergen"]
[Black "Wolf, Ulrich"]
[Result "1/2-1/2"]
[WhiteElo "1882"]
[BlackElo "2018"]
[PlyCount "28"]
[EventDate "2019.??.??"]

1. d4 Nf6 2. c4 e6 3. Nc3 d5 4. Bg5 Nbd7 5. e3 c6 6. Nf3 Qa5 7. Bxf6 Nxf6 8.
Nd2 Be7 9. Be2 O-O 10. O-O Re8 11. a3 Qd8 12. Rc1 Bd6 13. c5 Bc7 14. f4 Nd7
1/2-1/2

[Event "SC Rochade Rüttenscheid 1 - SV Wattensc"]
[Site "Verbandsklasse - Gr. 2 2019/2"]
[Date "2019.11.17"]
[Round "3.5"]
[White "Thelen, Thomas"]
[Black "Storp, Thomas"]
[Result "1-0"]
[WhiteElo "2019"]
[BlackElo "1832"]
[PlyCount "55"]
[EventDate "2019.??.??"]

1. d4 d5 2. Nf3 Nf6 3. c4 e6 4. cxd5 exd5 5. Bg5 Be7 6. Qc2 Ne4 7. Bxe7 Qxe7 8.
e3 O-O 9. Bd3 c6 10. O-O Nd7 11. Nc3 Ndf6 12. Rae1 h6 13. Ne5 Nxc3 14. Qxc3 Be6
15. f4 Rfc8 16. Bb1 Ne4 17. Bxe4 dxe4 18. f5 f6 19. Ng6 Qe8 20. Qb4 c5 21. Qxb7
Rcb8 22. Qxe4 Bc4 23. Qxe8+ Rxe8 24. Rf4 cxd4 25. Rxd4 Bxa2 26. Rd7 Bc4 27. Rc1
Rac8 28. Ne7+ 1-0

[Event "SC Rochade Rüttenscheid 1 - SV Wattensc"]
[Site "Verbandsklasse - Gr. 2 2019/2"]
[Date "2019.11.17"]
[Round "3.6"]
[White "Furchtbar, Uwe"]
[Black "Meyer, Juergen"]
[Result "1/2-1/2"]
[WhiteElo "1825"]
[BlackElo "1855"]
[PlyCount "53"]
[EventDate "2019.??.??"]

1. e4 c5 2. Nc3 Nc6 3. f4 d6 4. Nf3 a6 5. d3 g6 6. Be2 Bg7 7. O-O e6 8. Qe1
Nge7 9. Be3 Nd4 10. Bd1 O-O 11. Rb1 f5 12. Ne2 e5 13. fxe5 dxe5 14. c3 fxe4 15.
dxe4 Nxf3+ 16. Rxf3 Rxf3 17. gxf3 c4 18. Bc2 Qf8 19. Qg3 Nc6 20. Rd1 Be6 21.
Kg2 Rd8 22. Qh4 Rxd1 23. Bxd1 Bf6 24. Bg5 Bxg5 25. Qxg5 Qd8 26. Qxd8+ Nxd8 27.
f4 1/2-1/2

[Event "SC Rochade Rüttenscheid 1 - SV Wattensc"]
[Site "Verbandsklasse - Gr. 2 2019/2"]
[Date "2019.11.17"]
[Round "3.7"]
[White "Schlee, Ulrich"]
[Black "Bruckmann, Jochen"]
[Result "1/2-1/2"]
[WhiteElo "1745"]
[BlackElo "1796"]
[PlyCount "55"]
[EventDate "2019.??.??"]

1. e4 d5 2. exd5 Qxd5 3. Nc3 Qd8 4. d4 Nf6 5. Nf3 Bg4 6. Be3 e6 7. h3 Bxf3 8.
Qxf3 c6 9. O-O-O Bb4 10. Bg5 Nbd7 11. h4 Qa5 12. Bc4 Bxc3 13. bxc3 Nb6 14. Bb3
Nfd5 15. Bd2 Qa3+ 16. Kb1 Na4 17. Bxa4 Qxa4 18. Bc1 a5 19. Qd3 Ra6 20. Bb2 Rb6
21. c4 Nf4 22. Qc3 Rb4 23. g3 Rxc4 24. Qb3 Nd5 25. Rd3 Qb4 26. a3 Qb5 27. Qxb5
cxb5 28. Rb3 1/2-1/2

[Event "SC Rochade Rüttenscheid 1 - SV Wattensc"]
[Site "Verbandsklasse - Gr. 2 2019/2"]
[Date "2019.11.17"]
[Round "3.8"]
[White "Kiparski, Manuel"]
[Black "Buechle, Regina"]
[Result "1/2-1/2"]
[WhiteElo "1770"]
[BlackElo "1685"]
[PlyCount "38"]
[EventDate "2019.??.??"]

1. d4 d5 2. Nf3 c6 3. c4 Nf6 4. Nc3 e6 5. e3 Nbd7 6. cxd5 exd5 7. Bd3 Be7 8.
O-O O-O 9. Qc2 Re8 10. a3 Nf8 11. b4 a6 12. Bb2 Bd6 13. e4 dxe4 14. Nxe4 Nxe4
15. Bxe4 Bg4 16. Ne5 Bh5 17. Rfe1 Qc7 18. h3 Bxe5 19. dxe5 Bg6 1/2-1/2

[Event "SK Sodingen/Castrop 3 - SV Hamm 1"]
[Site "Verbandsklasse - Gr. 2 2019/2"]
[Date "2019.11.17"]
[Round "3.1"]
[White "Voss, Hubertus"]
[Black "Zobiegala, Christoph"]
[Result "1/2-1/2"]
[WhiteElo "2068"]
[BlackElo "1954"]
[PlyCount "38"]
[EventDate "2019.??.??"]

1. e4 c5 2. Nf3 d6 3. d4 cxd4 4. Nxd4 Nf6 5. Nc3 a6 6. h3 b5 7. Bd3 Bb7 8. a3
e6 9. O-O Be7 10. Qe2 Nbd7 11. Nb3 O-O 12. f4 e5 13. Kh1 Rc8 14. Be3 Qc7 15.
Rae1 Rfe8 16. Qf3 Nb6 17. Nd2 Nbd7 18. Nb3 Nb6 19. Nd2 Nbd7 1/2-1/2

[Event "SK Sodingen/Castrop 3 - SV Hamm 1"]
[Site "Verbandsklasse - Gr. 2 2019/2"]
[Date "2019.11.17"]
[Round "3.2"]
[White "Lucke, Thomas"]
[Black "Schlaap, Ralf"]
[Result "1/2-1/2"]
[WhiteElo "1851"]
[BlackElo "2070"]
[PlyCount "136"]
[EventDate "2019.??.??"]

1. d4 d5 2. Nf3 Nf6 3. g3 Bf5 4. Bg2 h6 5. O-O e6 6. c4 c6 7. Nc3 Be7 8. b3 O-O
9. Bb2 Nbd7 10. Nd2 Rc8 11. e4 dxe4 12. Ndxe4 Nxe4 13. Nxe4 Nf6 14. Qe2 Qa5 15.
a3 Nxe4 16. Bxe4 Bxe4 17. Qxe4 Bf6 18. Qc2 b5 19. b4 Qb6 20. c5 Qd8 21. Rfd1
Qd5 22. a4 a6 23. a5 Rfd8 24. f4 Rc7 25. Ra3 Rcd7 26. Rad3 Qe4 27. Qg2 Qxg2+
28. Kxg2 Rd5 29. h4 e5 30. fxe5 Bxe5 31. Bc3 Bf6 32. Kf2 Kf8 33. R1d2 Ke7 34.
Re3+ Kd7 35. Rd1 Kc7 36. Red3 Re8 37. Re3 Rxe3 38. Kxe3 Kd7 39. Ke4 Ke6 40. Rf1
h5 41. Rf3 g6 42. Rd3 Bg7 43. Rd1 Rf5 44. Bd2 Rf2 45. Ke3 Rh2 46. Ke4 f5+ 47.
Kd3 Kd5 48. Re1 Bxd4 49. Re8 Be5 50. Rd8+ Ke6 51. Ra8 Bxg3 52. Rxa6 Kd7 53.
Ra7+ Ke6 54. Rg7 f4 55. Rxg6+ Kf7 56. Rg5 Ke6 57. Rxh5 f3 58. Be3 Ra2 59. Ke4
f2 60. Rh6+ Kd7 61. Rh7+ Kc8 62. Rf7 Bxh4 63. a6 Rxa6 64. Bxf2 Ra4 65. Ke5 Rxb4
66. Kd6 Bxf2 67. Rxf2 Rd4+ 68. Kxc6 b4 1/2-1/2

[Event "SK Sodingen/Castrop 3 - SV Hamm 1"]
[Site "Verbandsklasse - Gr. 2 2019/2"]
[Date "2019.11.17"]
[Round "3.3"]
[White "Hufelschulte, Norbert"]
[Black "Balke, Reiner"]
[Result "1-0"]
[WhiteElo "2005"]
[BlackElo "1892"]
[PlyCount "59"]
[EventDate "2019.??.??"]

1. d4 d5 2. c4 e6 3. Nc3 Nf6 4. Bg5 Be7 5. e3 O-O 6. Nf3 Nbd7 7. Rc1 c6 8. a3
a5 9. Qc2 dxc4 10. Bxc4 b5 11. Bd3 Bb7 12. O-O Rc8 13. Rfd1 h6 14. Bh4 Re8 15.
Qe2 g5 16. Bg3 Nh5 17. Be5 Ng7 18. h3 f6 19. Bh2 f5 20. a4 b4 21. Nb1 Nb6 22.
b3 Nd5 23. e4 fxe4 24. Qxe4 Nf6 25. Qg6 Rf8 26. Qxh6 Nf5 27. Qg6+ Kh8 28. Nxg5
Qe8 29. Qxe8 Rfxe8 30. Nxe6 1-0

[Event "SK Sodingen/Castrop 3 - SV Hamm 1"]
[Site "Verbandsklasse - Gr. 2 2019/2"]
[Date "2019.11.17"]
[Round "3.4"]
[White "Mueller-Kreth, Kai"]
[Black "Dukic, Dalibor"]
[Result "0-1"]
[WhiteElo "1744"]
[BlackElo "2006"]
[PlyCount "90"]
[EventDate "2019.??.??"]

1. c4 e5 2. Nc3 Nf6 3. d3 Bc5 4. Nf3 d6 5. Bg5 c6 6. e3 h6 7. Bh4 Bf5 8. Be2
Nbd7 9. a3 a5 10. O-O Ba7 11. b4 g5 12. Bg3 Nh5 13. d4 Nxg3 14. hxg3 Qe7 15.
Re1 Nf6 16. dxe5 dxe5 17. c5 Bb8 18. Qb3 Bc7 19. Bc4 O-O 20. Red1 Rfb8 21. Ra2
b6 22. cxb6 Rxb6 23. Rb2 axb4 24. axb4 Rab8 25. Na2 Ne4 26. Nd2 Nd6 27. Bd3 e4
28. Be2 Be6 29. Nc4 Qf6 30. Rdb1 Bd5 31. Qc2 Nxc4 32. Bxc4 Be5 33. Rb3 h5 34.
Bxd5 cxd5 35. b5 h4 36. gxh4 gxh4 37. Qe2 Qg5 38. Qf1 Bc7 39. f4 exf3 40. Qxf3
Rf6 41. Qh3 Bg3 42. R1b2 Re6 43. Re2 Rbe8 44. Kh1 f5 45. Nb4 Rxe3 0-1

[Event "SK Sodingen/Castrop 3 - SV Hamm 1"]
[Site "Verbandsklasse - Gr. 2 2019/2"]
[Date "2019.11.17"]
[Round "3.5"]
[White "Woertler, Lars-Erik"]
[Black "Tenschert, Hartmut"]
[Result "1-0"]
[WhiteElo "1902"]
[BlackElo "1746"]
[PlyCount "133"]
[EventDate "2019.??.??"]

1. c4 Nf6 2. g3 g6 3. Bg2 Bg7 4. Nc3 d6 5. d3 c6 6. Nf3 Nbd7 7. Rb1 O-O 8. Bg5
Re8 9. Qd2 Nf8 10. h3 Ne6 11. Bh6 Bh8 12. b4 Bd7 13. O-O Ng7 14. e4 Qc8 15. Kh2
e5 16. Ng5 Ne6 17. Nxe6 Bxe6 18. b5 Re7 19. bxc6 bxc6 20. Bg5 Re8 21. Rb3 Qc7
22. Rfb1 Rab8 23. Qb2 Rxb3 24. Qxb3 Rc8 25. Qb7 Ne8 26. Be3 c5 27. Qxc7 Rxc7
28. a4 a6 29. h4 h5 30. Bh3 Bg7 31. Rb8 Kf8 32. a5 f5 33. Bg5 Kf7 34. f3 Bf6
35. Bd2 Rc8 36. Rb7+ Rc7 37. Rb6 Ra7 38. Rb8 Be7 39. Nd1 Nf6 40. Bg5 Bd7 41.
Ne3 fxe4 42. Bxf6 Bxf6 43. Bxd7 Rxd7 44. dxe4 Bd8 45. Ra8 Bxa5 46. Rxa6 Bc3 47.
Kh3 Ke6 48. Nd5 Bd4 49. Ra8 Kf7 50. g4 hxg4+ 51. fxg4 Kg7 52. Rc8 Ra7 53. Rc7+
Rxc7 54. Nxc7 Kf7 55. g5 Bb2 56. Kg4 Bc1 57. Nd5 Bd2 58. h5 gxh5+ 59. Kxh5 Kg7
60. Ne7 Ba5 61. Nf5+ Kg8 62. Nxd6 Bc7 63. Nf5 Bd8 64. Kg6 Kh8 65. Nh6 Be7 66.
Nf7+ Kg8 67. Nxe5 1-0

[Event "SK Sodingen/Castrop 3 - SV Hamm 1"]
[Site "Verbandsklasse - Gr. 2 2019/2"]
[Date "2019.11.17"]
[Round "3.6"]
[White "Behnicke, Eckhard"]
[Black "Brieger, Sebastian"]
[Result "0-1"]
[WhiteElo "1688"]
[BlackElo "1775"]
[PlyCount "102"]
[EventDate "2019.??.??"]

1. b4 d5 2. Bb2 Nf6 3. Nf3 Bf5 4. e3 e6 5. b5 a6 6. a4 Bd6 7. c4 c6 8. Be2 h6
9. O-O O-O 10. d4 dxc4 11. bxc6 Nxc6 12. Bxc4 Qc7 13. Nbd2 Ne4 14. Rc1 Qa5 15.
Nxe4 Bxe4 16. Bc3 Qh5 17. Ne5 Qxd1 18. Rfxd1 Nxe5 19. dxe5 Ba3 20. Ra1 Bc5 21.
Bd4 Rac8 22. Bf1 Rfd8 23. Bb2 Bc6 24. Rxd8+ Rxd8 25. Bc3 Rb8 26. a5 Rd8 27. Rb1
Ba7 28. h3 Bb8 29. Be2 Bc7 30. Kf1 Rd5 31. Bf3 Rc5 32. Bxc6 bxc6 33. Bd4 Rxa5
34. Rc1 Bxe5 35. Bxe5 Rxe5 36. Rxc6 Ra5 37. Rc8+ Kh7 38. Ke2 Ra2+ 39. Kf3 Kg6
40. Rc4 Kf6 41. Rc7 g5 42. g4 a5 43. Ra7 a4 44. Rb7 a3 45. Ra7 Ra1 46. e4 Ke5
47. Rxf7 Rh1 48. Kg2 a2 49. Kxh1 a1=Q+ 50. Kg2 Kxe4 51. f3+ Ke3 0-1

[Event "SK Sodingen/Castrop 3 - SV Hamm 1"]
[Site "Verbandsklasse - Gr. 2 2019/2"]
[Date "2019.11.17"]
[Round "3.7"]
[White "Basic, Ibrahim"]
[Black "Schaefer, Michael"]
[Result "1-0"]
[WhiteElo "1809"]
[BlackElo "1655"]
[PlyCount "41"]
[EventDate "2019.??.??"]

1. e4 e5 2. f4 d5 3. exd5 exf4 4. Nf3 Nf6 5. c4 Bd6 6. d4 Bb4+ 7. Nc3 Bd7 8.
Bd3 c6 9. O-O O-O 10. Bxf4 cxd5 11. c5 h6 12. Be5 Bxc3 13. bxc3 Ng4 14. Qd2
Nxe5 15. Nxe5 Be6 16. Bc2 Qg5 17. Qd3 f5 18. Rae1 Nd7 19. Bb3 Nxe5 20. Rxe5
Rae8 21. Rxe6 1-0

[Event "SK Sodingen/Castrop 3 - SV Hamm 1"]
[Site "Verbandsklasse - Gr. 2 2019/2"]
[Date "2019.11.17"]
[Round "3.8"]
[White "Zygan, Michael"]
[Black "Bachmann, Rolf"]
[Result "1-0"]
[WhiteElo "1709"]
[BlackElo "1823"]
[Annotator "Daniel"]
[PlyCount "89"]
[EventDate "2019.??.??"]

1. d4 f5 2. g3 Nf6 3. Bg2 e6 4. c4 Nc6 5. Nf3 g6 6. Nc3 Bg7 7. O-O O-O 8. Bf4
d6 9. Qc2 Qe7 10. e4 Nh5 11. e5 Nxf4 12. gxf4 dxe5 13. dxe5 h6 14. h4 g5 15.
hxg5 hxg5 16. Nxg5 Bh6 17. Nh3 Qh4 18. Qd2 Nxe5 19. Qd4 Nc6 20. Qe3 Kh8 21. Ng5
Rg8 22. Nf7+ Kh7 23. Nxh6 Qxh6 24. Rfd1 $11 b6 25. Ne2 e5 26. fxe5 Qxe3 27.
fxe3 Bb7 28. Rd7+ Rg7 29. Rxg7+ Kxg7 30. Nd4 Na5 31. Bxb7 Nxb7 32. Nxf5+ Kf7
33. Nd4 c5 34. Nb5 a6 35. Nd6+ Nxd6 36. exd6 Ke6 37. Rd1 Rd8 38. d7 Rxd7 39.
Rxd7 Kxd7 40. Kf2 Ke6 41. Kf3 Kf5 42. e4+ Ke6 43. Kf4 Kf6 44. e5+ Ke7 45. Kf5
1-0

[Event "SC Mülheim 1 - SC Listiger Bauer Essen "]
[Site "Verbandsklasse - Gr. 2 2019/2"]
[Date "2019.11.17"]
[Round "3.1"]
[White "Kunisch, Siegfried"]
[Black "Langschmidt, Dirk"]
[Result "0-1"]
[WhiteElo "2033"]
[BlackElo "2013"]
[PlyCount "72"]
[EventDate "2019.??.??"]

1. e4 c5 2. g3 d5 3. d3 dxe4 4. dxe4 Qxd1+ 5. Kxd1 Nf6 6. f3 Nc6 7. Be3 e5 8.
Nd2 Be6 9. c3 Be7 10. Nh3 O-O 11. Kc2 Rac8 12. Rd1 b5 13. Nf2 Bxa2 14. Bxb5 Be6
15. Ra1 Nd4+ 16. Bxd4 cxd4 17. c4 Rc7 18. Ra4 Rb8 19. Kb1 Nd7 20. Bxd7 Bxd7 21.
Ra2 Bb4 22. Rd1 Be6 23. Nd3 Bxd2 24. Rxd2 Bxc4 25. Ra5 f6 26. f4 Rb5 27. Rxb5
Bxb5 28. fxe5 Bxd3+ 29. Rxd3 fxe5 30. Ra3 Kf7 31. Ra6 Ke7 32. Ra5 Kd6 33. Ra6+
Kc5 34. Ra5+ Kc4 35. Rxe5 Kd3 36. Re6 Ke2 0-1

[Event "SC Mülheim 1 - SC Listiger Bauer Essen "]
[Site "Verbandsklasse - Gr. 2 2019/2"]
[Date "2019.11.17"]
[Round "3.2"]
[White "Riese, Manfred"]
[Black "Klups, Christoph"]
[Result "1-0"]
[WhiteElo "1863"]
[BlackElo "1965"]
[PlyCount "65"]
[EventDate "2019.??.??"]

1. c4 Nf6 2. g3 e5 3. Bg2 Nc6 4. Nc3 Bc5 5. a3 a5 6. e3 O-O 7. Nge2 d6 8. h3
Bf5 9. d3 Qd7 10. Rb1 Nd8 11. b4 axb4 12. axb4 Bb6 13. e4 Bg6 14. Bg5 c6 15.
Bxf6 gxf6 16. O-O Ne6 17. b5 Bc5 18. bxc6 bxc6 19. Kh2 f5 20. f4 f6 21. exf5
Bxf5 22. g4 Bxg4 23. hxg4 Qg7 24. Be4 f5 25. gxf5 Rf6 26. Rf3 Rh6+ 27. Rh3
Rxh3+ 28. Kxh3 Kh8 29. Qe1 Rg8 30. Bf3 Nxf4+ 31. Nxf4 exf4 32. Ne2 Qg5 33. Qc3+
1-0

[Event "SC Mülheim 1 - SC Listiger Bauer Essen "]
[Site "Verbandsklasse - Gr. 2 2019/2"]
[Date "2019.11.17"]
[Round "3.4"]
[White "Straenger, Petra"]
[Black "Ball, Joerg"]
[Result "0-1"]
[WhiteElo "1795"]
[BlackElo "1909"]
[Annotator "Daniel"]
[PlyCount "92"]
[EventDate "2019.??.??"]

1. d4 f5 2. Nf3 Nf6 3. c4 g6 4. Nc3 Bg7 5. Bf4 O-O 6. e3 e6 7. h3 d6 8. Be2 Qe7
9. O-O a6 10. Qb3 h6 11. c5 Kh7 12. cxd6 cxd6 13. Qa3 Rd8 14. Rac1 Bf8 15. Nd2
Bd7 16. Nc4 Bc6 17. Nb6 Ra7 18. Nb5 Bxb5 19. Bxb5 Qg7 20. Be2 Nc6 21. Qb3 d5
22. f3 Ne8 23. Rc2 Bd6 24. Bxd6 Nxd6 25. Rfc1 Qf7 26. g3 g5 $11 27. a3 Rg8 28.
Qd3 Qc7 29. Na4 Nc4 30. Nc5 Qxg3+ 31. Kf1 Qxh3+ 32. Kf2 Qh2+ 33. Kf1 Qd6 34.
Kf2 b5 35. b4 Ne7 36. Rh1 Ng6 37. Rcc1 Kg7 38. Rcg1 Rf7 39. Rg2 e5 40. dxe5
Ngxe5 41. Qc3 Qf6 42. Kf1 Re7 43. f4 Ng4 44. Qxf6+ Kxf6 45. Bxg4 Nxe3+ 46. Kf2
Nxg4+ 0-1

[Event "SC Mülheim 1 - SC Listiger Bauer Essen "]
[Site "Verbandsklasse - Gr. 2 2019/2"]
[Date "2019.11.17"]
[Round "3.5"]
[White "Breuer, Leon"]
[Black "Riek, Wolfgang"]
[Result "1/2-1/2"]
[WhiteElo "1837"]
[BlackElo "1753"]
[PlyCount "89"]
[EventDate "2019.??.??"]

1. e4 c6 2. d4 d5 3. Nc3 dxe4 4. Nxe4 Bf5 5. Ng3 Bg6 6. h4 h5 7. Nf3 Nd7 8. Bd3
Bxd3 9. Qxd3 g6 10. Bg5 Ngf6 11. O-O Bg7 12. Rfe1 O-O 13. Rad1 Re8 14. Qb3 Qc7
15. c4 e5 16. dxe5 Nxe5 17. Nxe5 Rxe5 18. Rxe5 Qxe5 19. Qxb7 Rb8 20. Qxc6 Rxb2
21. Qa8+ Rb8 22. Qxa7 Ng4 23. Qxb8+ Qxb8 24. Rd8+ Qxd8 25. Bxd8 Bd4 26. Kf1
Bxf2 27. Ne4 Bd4 28. Be7 Ne3+ 29. Ke2 f5 30. Ng5 Nxg2 31. c5 Nf4+ 32. Kf3 Nd3
33. Ne6 Bg1 34. Nf4 Nxc5 35. Ne2 Kf7 36. Bd6 Ne4 37. Nxg1 Nxd6 38. Kf4 Ne4 39.
Nf3 Kf6 40. a4 Nc3 41. a5 Nd5+ 42. Kg3 f4+ 43. Kf2 Nc7 44. Ng5 Kf5 45. Kf3
1/2-1/2